Polskie miasta, które mają 6 liter - Statystyki

Ogólne statystyki
  • Ten quiz został rozwiązany 20 razy
  • Średni wynik to 30 z 142
Statystyki odpowiedzi
Odpowiedź % Poprawnych
Gdynia
94%
Elbląg
88%
Kraków
88%
Gdańsk
81%
Poznań
75%
Tarnów
75%
Lublin
69%
Zabrze
69%
Kalisz
63%
Puławy
63%
Głogów
56%
Kielce
56%
Słupsk
56%
Dębica
50%
Mielec
50%
Mielno
50%
Zamość
50%
Żywiec
50%
Będzin
44%
Krosno
44%
Lębork
44%
Leszno
44%
Łowicz
44%
Ustroń
44%
Dęblin
38%
Gołdap
38%
Grójec
38%
Libiąż
38%
Pasłęk
38%
Police
38%
Rawicz
38%
Rybnik
38%
Błonie
31%
Izbica
31%
Olecko
31%
Olesno
31%
Pionki
31%
Płońsk
31%
Łęczna
25%
Olkusz
25%
Orzysz
25%
Otwock
25%
Pilica
25%
Radlin
25%
Serock
25%
Sławno
25%
Toszek
25%
Zgierz
25%
Złotów
25%
Barcin
19%
Bolków
19%
Głowno
19%
Gostyń
19%
Lipsko
19%
Lubsko
19%
Opatów
19%
Ożarów
19%
Pilzno
19%
Pniewy
19%
Rzepin
19%
Sianów
19%
Ujście
19%
Zwoleń
19%
Bircza
13%
Chojna
13%
Czarne
13%
Czchów
13%
Człopa
13%
Grybów
13%
Kalety
13%
Knurów
13%
Kórnik
13%
Łańcut
13%
Łochów
13%
Milicz
13%
Piaski
13%
Pilawa
13%
Radków
13%
Radłów
13%
Reszel
13%
Sobków
13%
Tuchów
13%
Tuszyn
13%
Tyczyn
13%
Węgrów
13%
Wieluń
13%
Wronki
13%
Zagórz
13%
Żarnów
13%
Bieruń
6%
Bieżuń
6%
Brańsk
6%
Czersk
6%
Drawno
6%
Drobin
6%
Górzno
6%
Jasień
6%
Kępice
6%
Kietrz
6%
Kłecko
6%
Kowary
6%
Krobia
6%
Łosice
6%
Lubawa
6%
Mosina
6%
Orneta
6%
Osieck
6%
Pyzdry
6%
Raciąż
6%
Sienno
6%
Ślesin
6%
Słupca
6%
Szadek
6%
Szubin
6%
Tuczno
6%
Wieleń
6%
Zalewo
6%
Bobowa
0%
Budzyń
0%
Cegłów
0%
Golina
0%
Grabów
0%
Kcynia
0%
Korsze
0%
Krynki
0%
Lwówek
0%
Mrocza
0%
Okonek
0%
Ozimek
0%
Pakość
0%
Piątek
0%
Pieńsk
0%
Poniec
0%
Poręba
0%
Skórcz
0%
Suchań
0%
Torzym
0%
Ulanów
0%
Wąsosz
0%
Wiązów
0%
Wysoka
0%
Żerków
0%
Nie znaleziono quizów pasujących do podanych kryteriów
Rozkład punktacji
Procent ludzi z każdym wynikiem
Percentyl według liczby udzielonych odpowiedzi
Twoja historia wyników
Nie rozwiązałeś tego quizu